Los hospitales de San Lázaro de las Palmas y de curación de la ciudad de Telde (Record no. 35322)

MARC details
000 -LEADER
campo de control de longitud fija 00696nam a2200181 i 4500
001 - NÚMERO DE CONTROL
campo de control 35322
003 - IDENTIFICADOR DE NÚMERO DE CONTROL
campo de control ES-MaACL
007 - CAMPO FIJO DE DESCRIPCIÓN FÍSICA--INFORMACIÓN GENERAL
campo de control de longitud fija t|
008 - DATOS DE LONGITUD FIJA--INFORMACIÓN GENERAL
campo de control de longitud fija 030212s1954 sp ||||1| spa d
100 1# - ENTRADA PRINCIPAL--NOMBRE DE PERSONA
Nombre de persona Bosch Millares, Juan,
Fechas asociadas al nombre 1893-1983
9 (RLIN) 30662
245 14 - MENCIÓN DEL TÍTULO
Título Los hospitales de San Lázaro de las Palmas y de curación de la ciudad de Telde
Resto del título : (estudio histórico desde su fundación hasta nuestros días) /
Mención de responsabilidad, etc. Juan Bosch Millares.
260 ## - PUBLICACIÓN, DISTRIBUCIÓN, ETC.
Lugar de publicación, distribución, etc. [S.l. :
Nombre del editor, distribuidor, etc. s.n.,
Fecha de publicación, distribución, etc. 1954] (
Lugar de fabricación/manufactura Las Palmas de Gran Canaria :
Fabricante Tip. Alzola)
300 ## - DESCRIPCIÓN FÍSICA
Extensión 196 p., 6 lám. ;
Dimensiones 24 cm.
490 1# - MENCIÓN DE SERIE
Mención de serie El Museo Canario
830 0# - PUNTO DE ACCESO ADICIONAL DE SERIE-TÍTULO UNIFORME
Título uniforme El Museo Canario
9 (RLIN) 181588
852 ## - LOCALIZACIÓN
Ubicación ES-MaACL
Número de control de estantería C-9201
Sublocalización o colección R.37272
Holdings
Estatus retirado Estado de pérdida Estado de daño No para préstamo Biblioteca de origen Biblioteca actual Ubicación en estantería Fecha de adquisición Fuente de adquisición Total de préstamos Signatura topográfica completa Código de barras Visto por última vez Precio de reemplazo Tipo de ítem Koha
        Biblioteca del Ateneo de Madrid Biblioteca del Ateneo de Madrid Sala Palomar 17/01/2008     C-9201 1036951 23/02/2023 23/02/2023 Libro impreso